Name A Country That Uses The Dollar A-Z - Statistics

General Stats
  • This quiz has been taken 36 times
  • The average score is 12 of 14
Answer Stats
Letter Country % Correct
U United States
97%
A Antigua and Barbuda | Australia
89%
C Canada
89%
N Namibia | Nauru | New Zealand
89%
B Bahamas | Barbados | Belize | Brunei
86%
J Jamaica
86%
G Grenada | Guyana
83%
S Saint Kitts and Nevis | Saint Lucia | Saint Vincent and the Grenadines | Singapore | Solomon Islands | Suriname
83%
T Trinidad and Tobago | Taiwan | Tuvalu
83%
F Federated States of Micronesia | Fiji
80%
D Dominica
77%
K Kiribati
77%
P Palau
77%
L Liberia
69%
No matching quizzes found
Score Distribution
Percent of People with Each Score
Percentile by Number Answered
Your Score History
You have not taken this quiz